000 00241nam a22001097a 4500
008 131217t xxu||||| |||| 00| 0 eng d
020 _a0-09-928025-6
100 _aJohn Grisham
_9459
245 _aThe Brethren
300 _a340
942 _2ddc
_cBK
999 _c16730
_d16730